书目信息 |
| 题名: |
掌控谈判
|
|
| 作者: | 藤井一郎 著 ;胡佳 译 | |
| 分册: | ||
| 出版信息: | 北京 中国友谊出版公司 2020 |
|
| 页数: | 208页 | |
| 开本: | 21cm | |
| 丛书名: | ||
| 单 册: | ||
| 中图分类: | C912.35 | |
| 科图分类: | ||
| 主题词: | 谈判学--通俗读物 | |
| 电子资源: | ||
| ISBN: | 978-7-5057-4903-0 | |
| 000 | 00970nam0 2200229 450 | |
| 001 | 2333432753 | |
| 005 | 20231024091724.39 | |
| 010 | @a978-7-5057-4903-0@dCNY49.00 | |
| 100 | @a20200911d2020 em y0chiy50 ea | |
| 101 | 1 | @achi@cjpn |
| 102 | @aCN@b110000 | |
| 105 | @ay z 000yy | |
| 200 | 1 | @a掌控谈判@Azhang kong tan pan@f(日)藤井一郎著@g胡佳译 |
| 210 | @a北京@c中国友谊出版公司@d2020 | |
| 215 | @a208页@d21cm | |
| 330 | @a本书由谈判专家藤井一郎在谈判桌上的经验总结而成,从七个角度告诉读者如何成为谈判高手。从什么是谈判开场,帮助读者了解决定谈判实力的七个关键,接着分析成功谈判必备的要素、成为谈判高手必须知道的谈判技巧以及必备的心理素质,阐述了行为经济学和社会心理学在谈判中的实际应用等等,提供了51个随学即用的谈判技巧,帮助读者在掌控谈判话语权,在商务谈判中获胜。 | |
| 606 | 0 | @a谈判学@j通俗读物 |
| 690 | @aC912.35@v5 | |
| 701 | 0 | @c(日)@a藤井一郎@Ateng jing yi lang@4著 |
| 702 | 0 | @a胡佳@Ahu jia@4译 |
| 801 | 0 | @aCN@b91MARC@c20200911 |
| 905 | @aZUCC@dC912.35@e15 | |
| 掌控谈判/(日)藤井一郎著/胡佳译.-北京:中国友谊出版公司,2020 |
| 208页;21cm |
| ISBN 978-7-5057-4903-0:CNY49.00 |
| 本书由谈判专家藤井一郎在谈判桌上的经验总结而成,从七个角度告诉读者如何成为谈判高手。从什么是谈判开场,帮助读者了解决定谈判实力的七个关键,接着分析成功谈判必备的要素、成为谈判高手必须知道的谈判技巧以及必备的心理素质,阐述了行为经济学和社会心理学在谈判中的实际应用等等,提供了51个随学即用的谈判技巧,帮助读者在掌控谈判话语权,在商务谈判中获胜。 |
| ● |
| 相关链接 |
|
|
|
正题名:掌控谈判
索取号:C912.35/15
 
预约/预借
| 序号 | 登录号 | 条形码 | 馆藏地/架位号 | 状态 | 备注 |
| 1 | 2001035775 | 2001035775 | 315书库/四4架A面1层3列/ [索取号:C912.35/15] | 在馆 | |
| 2 | 2001035776 | 2001035776 | 315书库/四4架A面1层3列/ [索取号:C912.35/15] | 在馆 | |
| 3 | 2001035777 | 2001035777 | 315书库/四4架A面1层3列/ [索取号:C912.35/15] | 在馆 | |
| 4 | 2001035778 | 2001035778 | 315书库/四4架A面1层3列/ [索取号:C912.35/15] | 在馆 | |
| 5 | 2001035779 | 2001035779 | 315书库/四4架A面1层3列/ [索取号:C912.35/15] | 在馆 | |
| 6 | 2001035780 | 2001035780 | 315书库/四4架A面1层3列/ [索取号:C912.35/15] | 在馆 |